00354pab a2200133 454500008004000000100002000040245006300060260000900123300001400132362000800146650002200154650001600176773002800192180718b2006 xxu||||| |||| 00| 0 eng d aSegura, Gary M. aImmigration and national identity: Symposium introduction: c2006 ap.277-78. aJun aNational identity aImmigration aPerspective on Politics